Benfica 2020's Starting XI - Statistics

General Stats
  • This quiz has been taken 2,950 times
    961 since last reset
  • The average score is 21 of 36
Answer Stats
Player % Correct
Nicolás Otamendi
91%
Anatolii Trubin
86%
António Silva
86%
Rafa Silva
85%
Odisseas Vlachodimos
83%
Darwin Núñez
82%
Vangelis Pavlidis
81%
Orkun Kökçü
78%
Ángel Di María
76%
Ángel Di María
76%
Álex Grimaldo
74%
Fredrik Aursnes
69%
Fredrik Aursnes
69%
Jan Vertonghen
69%
Alexander Bah
65%
Kerem Aktürkoğlu
62%
Haris Seferović
61%
Álvaro Carreras
60%
Julian Weigl
58%
Enzo Fernández
56%
João Neves
53%
João Mário
52%
Gonçalo Ramos
49%
Rúben Dias
49%
David Neres
48%
Florentino Luís
44%
Tomás Araújo
44%
Adel Taarabt
43%
Pizzi
36%
Everton Soares
33%
André Almeida
31%
Gilberto
30%
Carlos Vinícius
23%
Ferro
23%
Franco Cervi
22%
Gabriel
19%
No matching quizzes found
Score Distribution
Percent of People with Each Score
Percentile by Number Answered
Your Score History
You have not taken this quiz since the last reset